000
00249nam a22000977a 4500
999
_c
534498
_d
534498
082
_a
624.18341
_b
LEE
100
_a
Leet, Kennth M.
245
_a
Reinforced Concrete Design /
942
_2
ddc
_c
BK